Desde la Teología de la Liberación a la teología eco-feminista: Una revolución enquistada en la Iglesia, intenta destruir la civilización y la moral cristiana.

Wedi'i Gadw mewn:
Manylion Llyfryddiaeth
Prif Awdur: Montes Varas, Juan Antonio (autor)
Fformat: Llyfr
Cyhoeddwyd: Santiago, Chile: Acción Familia, 2011.
Cyfres:Colección Acción Familia
Pynciau:
Tagiau: Ychwanegu Tag
Dim Tagiau, Byddwch y cyntaf i dagio'r cofnod hwn!

MARC

LEADER 00000nam a22000007a 4500
003 CL-VaPUC
005 20241107145545.0
008 231005t2011 ||||| |||| 00| 0 eng d
999 |c 441997  |d 441995 
020 |a 978-956-7913-02-2 
040 |c Pontificia Universidad Católica de Valparaíso 
082 |2 21  |a 230.0464 MON 2011 
100 |a Montes Varas, Juan Antonio  |9 454327  |e autor 
245 |a Desde la Teología de la Liberación a la teología eco-feminista:   |b Una revolución enquistada en la Iglesia, intenta destruir la civilización y la moral cristiana.  
260 |a Santiago, Chile:  |b Acción Familia,  |c 2011. 
300 |a 199 págiinas. 
490 |a Colección Acción Familia 
500 |a c.1. Donación Juan Antonio Montes Varas. Memo HIS/027. 2023 c.2 Donación Bib. Teología. Memo N°02-24. 7-11-2024 
583 |c 20231005  |k Catalogador Asistente 
650 0 |9 255471  |a Teología de la liberación   |x Aspectos éticos y morales   |x Teología cristiana   |z América Latina  
650 0 |9 879740  |a Teología feminista   |v Crítica e interpretación   |x Cristianismo   |x Liberación de la mujer  
942 |2 ddc  |c BK 
952 |0 0  |1 0  |2 ddc  |4 0  |6 230_046400000000000_MON_2011  |7 0  |8 A  |9 591866  |a BIBHIS  |b BIBHIS  |c GEN  |d 2023-10-05  |e Donación  |i 5658975  |o 230.0464 MON 2011  |p 5658975  |r 2025-01-20  |t 1  |w 2023-10-05  |y BK  |k HIS 
952 |0 0  |1 0  |2 ddc  |4 0  |6 230_046400000000000_MON_2011  |7 0  |8 A  |9 597841  |a BIBTEO  |b BIBTEO  |d 2024-11-07  |e Donación  |i 5663141  |o 230.0464 MON 2011  |p 5663141  |r 2025-01-17  |t 2  |w 2024-11-07  |y BK  |k ICR